Carry On Films ... Sudden Death - Statistics

General Stats
  • This quiz has been taken 105 times
    104 since last reset
  • The average score is 13 of 20
Answers on the Grid
Answers color-coded by a green-red scale on the quiz's grid according to % correct below.
Nurse
Scotland
Up The Armada
Victoria
At Your Convenience
Henry
Behind
England
Flying
And Make A Million
Regardless
Spying
Crying
Teacher
Doctor
Follow That Camel
Courtroom
Major
Matron
Screaming
Sergeant
Sister
At The Seaside
Columbus
At The Front
Emmanuelle
Dick
Abroad
Cowboy
Up The Khyber
Up The Charts
Jack
 
Answer Stats
Answer % Correct
Nurse
87%
At Your Convenience
81%
Up The Khyber
78%
Doctor
76%
Behind
67%
Columbus
67%
Matron
67%
Henry
66%
Regardless
66%
Sergeant
64%
Follow That Camel
63%
Abroad
61%
Emmanuelle
61%
Spying
61%
Screaming
60%
Teacher
60%
Dick
58%
Jack
57%
Cowboy
55%
England
54%
No matching quizzes found
Score Distribution
Percent of People with Each Score
Percentile by Number Answered
Your Score History
You have not taken this quiz since the last reset